[Event "Diez Reinas (Talentos)"]
[Site "?"]
[Date "2013.10.24"]
[Round "9"]
[White "Carraro, Denise"]
[Black "Costa, Anaclara"]
[Result "1-0"]
[WhiteElo "2095"]
[BlackElo "1660"]
[PlyCount "95"]
[EventDate "2013.??.??"]

1. e4 e6 2. d4 d5 3. Nc3 Nf6 4. Bg5 Be7 5. e5 Nfd7 6. Bxe7 Qxe7 7. f4 a6 8. Nf3
c5 9. Bd3 Nc6 10. dxc5 Nxc5 11. O-O b5 12. Qd2 O-O 13. Qf2 f6 14. exf6 Rxf6 15.
Rae1 Qa7 16. g3 Nxd3 17. cxd3 Qxf2+ 18. Rxf2 Bd7 19. Ne5 Nxe5 20. Rxe5 b4 21.
Ne2 Bb5 22. Re3 Rc8 23. Nd4 Bd7 24. Rfe2 Rc1+ 25. Re1 Rxe1+ 26. Rxe1 Rf8 27.
Rc1 Rc8 28. Rxc8+ Bxc8 29. Nc6 b3 30. axb3 Kf8 31. Kf2 Ke8 32. Ke3 Kd7 33. Na5
Kd6 34. Kd4 h6 35. b4 g6 36. Nb3 Bd7 37. Nc5 Bb5 38. h3 h5 39. h4 Ke7 40. Ke5
Kf7 41. d4 Ke7 42. Nxe6 Bc4 43. Nc7 Kf7 44. Nxd5 Bd3 45. Kd6 Be4 46. Nb6 Kf6
47. d5 Kf7 48. Kc7 1-0